Largest City in each Köppen Climate Zone - Statistics

General Stats
  • This quiz has been taken 101 times
    95 since last reset
  • The average score is 8 of 17
Answer Stats
Hint Answer % Correct
Humid Subtropical (Cfa/Cwa) Tokyo
86%
Hot Desert (BWh) Cairo
79%
Oceanic (Cfb) London
78%
Hot-Summer Mediterranean (Csa) Los Angeles
68%
Warm-Summer Continental (Dfb/Dwb/Dsb) Moscow
63%
Warm-Summer Mediterranean (Csb) San Francisco
57%
Subtropical Highland (Cwb) Mexico City
43%
Hot-Summer Continental (Dfa/Dwa/Dsa) Seoul
43%
Tropical Monsoonal (Am) Jakarta
41%
Subpolar Oceanic (Cfc) Reykjavik
40%
Tropical Rainforest (Af) Kuala Lumpur
35%
Severe Winter Subarctic (Dfd/Dwd/Dsd) Yakutsk
35%
Tropical Savanna (Aw/As) Manila/Mumbai
32%
Subarctic (Dfc/Dwc/Dsc) Irkutsk
22%
Hot Steppe (BSh) Lahore
16%
Cold Steppe (BSk) Tianjin
10%
Cold Desert (BWk) Isfahan
6%
No matching quizzes found
Score Distribution
Percent of People with Each Score
Percentile by Number Answered
Your Score History
You have not taken this quiz since the last reset